| 000 | 00660nam a2200289Ia 4500 | ||
|---|---|---|---|
| 001 | 928 | ||
| 008 | 191123s9999 xx 000 0 und d | ||
| 041 | _aspa | ||
| 044 | _amx | ||
| 100 | _aRomero Flores, Jesús, | ||
| 245 | 0 | _aIconografía colonial. | |
| 260 |
_aMéxico : _bMuseo Nacional, _c1940. |
||
| 300 |
_a243 p. _bláminas b/n |
||
| 650 | _aHISTORIA COLONIAL | ||
| 650 | _aICONOGRAFIA | ||
| 650 | _aMEJICO | ||
| 650 | _aMUSEO NACIONAL. MEJICO | ||
| 902 | _aM | ||
| 903 | _am | ||
| 904 | _am | ||
| 907 | _aImpreso | ||
| 911 | _aláminas b/n | ||
| 912 | _a1940 | ||
| 942 | _cLIBRO | ||
| 999 |
_c723 _d723 |
||
| 550 | _aláminas b/n | ||